| 000 | 00849nam a2200205 i 4500 | ||
|---|---|---|---|
| 001 | 54833 | ||
| 003 | ES-MaACL | ||
| 005 | 20250626063141.0 | ||
| 007 | t| | ||
| 008 | 960801s1887 sp ||||1| spa d | ||
| 040 |
_aCAM _bspa _cCAM |
||
| 100 | 1 |
_aGalindo y Vera, León, _d1820-1889 _953452 |
|
| 245 | 1 | 0 |
_aIndice alfabético de los comentarios á la legislación hipotecaria de España y Ultramar / _cpor León Galindo y de Vera y Rafael de la Escosura y Escosura. |
| 260 |
_aMadrid : _b[s.n.], _c1887 ( _fEstablecimiento tipográfico de Felipe Pinto y Grovio) |
||
| 300 |
_a254 p. ; _c22 cm. |
||
| 600 | 1 | 7 |
_aGalindo y Vera, León, _d1820-1889. _tComentarios a la legislación hipotecaria de España- _vÍndices _2 _9159563 |
| 700 | 1 |
_aEscosura y Escosura, Rafael de la. _947619 |
|
| 852 |
_aES-MaACL _jF-14700 |
||
| 999 |
_c54833 _d54833 |
||